Statistics for Toby Keith Number One Singles

Click here to take the quiz!

General Stats

  • This quiz has been taken 5 times
  • The average score is 6 of 20

Answer Stats

SongAlbum% Correct
Beer For My HorsesUnleashed
100%
Courtesy of the Red, White, and Blue (The Angry American)Unleashed
100%
I Love This BarShock'n Y'all
100%
American SoldierShock'n Y'all
67%
How Do You Like Me Now?How Do You Like Me Now?
67%
Should've Been a CowboyToby Keith
67%
American RideAmerican Ride
33%
As Good As I Once WasHonkytonk University
33%
You Shouldn't Kiss Me Like ThisHow Do You Like Me Now?
33%
God Love HerThat Don't Make Me a Bad Guy
0%
I'm Just Talking About TonightPull My Chain
0%
I Wanna Talk About MePull My Chain
0%
Love Me If You CanBig Dog Daddy
0%
Made in AmericaClancy's Tavern
0%
Me TooBlue Moon
0%
My ListPull My Chain
0%
She Never Cried in Front of MeThat Don't Make Me a Bad Guy
0%
Whiskey GirlShock'n Y'all
0%
Who's That ManBoomtown
0%
Who's Your Daddy?Unleashed
0%

Score Distribution

Percentile by Number Answered

Percent of People with Each Score

Your Score History

You have not taken this quiz